00773nam a2200253 a 450000100060000000300080000600500170001400800410003102000150007202000150008703500190010203500120012104000270013304100080016008200220016810000220019024501170021226000480032930000210037750400510039865000150044965000190046465000360048333279BD-RjUL20211209051959.0140507r19881979enk b 00110 eng d a0333272935 a0333272943 a(BD-RjUL)33370 a1166557 aANLcANLbengdBD-RjUL aeng04a301219bGIC 19881 aGiddens, Anthony.10aCentral problems in social theory :baction, structure, and contradiction in social analysis /cAnthony Giddens. aLondon :bMacmillan,c1979 [Reprinted 1988] a294 p. ;c23 cm. aIncludes bibliographical references and index. 0aSociology. 0aStructuralism. 0aFunctionalism (Social sciences)